| 000 | 00579nam a2200145 a 4500 | ||
|---|---|---|---|
| 001 | 000030901 | ||
| 005 | 20200930062559.0 | ||
| 008 | 110606s1944 dr ac r 000 0 spa d | ||
| 040 |
_aDO-SdBNP _bspa _cBNPHU |
||
| 082 |
_axxxx _bxxxx |
||
| 111 | 2 |
_aExposición nacional de artes plasticas _d(1944: _cCiudad Trujillo _n2: 29 de febrero al 15 marzo ) _957422 |
|
| 245 | 1 | 0 | _aSegunda exposición nacional de artes plasticas. |
| 260 |
_aCiudad Trujillo, República Dominicana : _bSecretaría de Estado de Educación y Bellas Artes, _c1944. |
||
| 300 |
_a1 v. en varias paginaciones ; _c24 cm. |
||
| 999 |
_c30393 _d30393 |
||